|
|
|
|
| LEADER |
00000nam a22000007a 4500 |
| 005 |
20180428232554.0 |
| 007 |
cr|||| |||| |
| 008 |
180428s2012 us |||||s|||| 00||0 eng d |
| 035 |
|
|
|a 21485
|
| 040 |
|
|
|a vLex
|
| 090 |
|
|
|c 7840
|d 7840
|
| 100 |
1 |
|
|a Miller, Collin
|
| 245 |
1 |
0 |
|a Evidence
|h [Recurso electrn̤ico] :
|b Best Evidence Rule /
|c Collin Miller
|
| 256 |
|
|
|a Servicio en ln̕ea
|
| 260 |
|
|
|a Chicago:
|b The Center for Computer - Assisted Legal Instruction (CALI),
|c 2012
|
| 300 |
|
|
|a 1 recurso electrn̤ico
|
| 506 |
1 |
|
|a Disponible solo en los productos indicados
|d vLex Global
|d vLex Global (Academic Edition, excluding Law Schools)
|d vLex Global (U.S. Academic Edition, Law Schools)
|d vLex Global (U.S. Academic Edition, excluding Law Schools)
|d vLex Global (Academic Edition, Law Schools)
|
| 650 |
0 |
4 |
|a Derecho Procesal
|z Estados Unidos
|
| 740 |
0 |
|
|a vLex Libros (Servicio en ln̕ea)
|
| 856 |
4 |
0 |
|u http://vlex.com/source/evidence-best-evidence-rule-21485
|z Acceso restringido
|
| 942 |
|
|
|c BOOK
|
| 999 |
0 |
|
|a Procedural law
|